Capitales qui portent le même nom que leurs pays - Statistiques

Statistiques générales
  • Ce quiz a été pris 184 fois
    174 depuis la dernière actualisation
  • Le résultat moyen est 8 sur 15
Statistiques - réponses
Capitales % Correct
Luxembourg
88%
Vatican
86%
Monaco
78%
Saint Marin
78%
Panama
59%
Guatemala
58%
Mexico
50%
Singapour
50%
Alger
46%
Tunis
41%
Djibouti
40%
Koweït
35%
Sao tomé
31%
Brasilia
29%
Bissau
12%
Aucun quiz correspondant
Distribution des résultats
% des personnes avec chaque résultat
Percentile par nombre de réponses
Votre historique - résultats
Vous n’avez pas pris ce quiz depuis la dernière actualisation